000
00278nam a2200121Ia 4500
008
190216s9999||||xx |||||||||||||| ||und||
100
_a
Uparaj Saxena
245
0
_a
Hindi-Bisvaski Rajath Sipiyam
260
_b
Pravar Prakashan
300
_a
104
650
_a
Hindi
942
_c
BK
999
_c
16299
_d
16299